OMI’s public and community health dictionary: an A-Z compendium for health practitioners in developing countries (Record no. 33175)

MARC details
000 -LEADER
fixed length control field 00570nam a2200181Ia 4500
020 ## - INTERNATIONAL STANDARD BOOK NUMBER
ISBN 978166956-X
050 ## - CALL MARK
Classification number RA 423 .O45/
100 ## - STATEMENT OF RESPONSIBILITY--MAIN AUTHOR NAME
Personal name Edited by Na’omi Baba Gbefwi
245 #0 - TITLE STATEMENT
Title OMI’s public and community health dictionary: an A-Z compendium for health practitioners in developing countries
260 ## - PUBLICATION, DISTRIBUTION, ETC. (IMPRINT)
Place of publication Jos
260 ## - PUBLICATION, DISTRIBUTION, ETC. (IMPRINT)
Name of publisher Jos University Press Ltd.
260 ## - PUBLICATION, DISTRIBUTION, ETC. (IMPRINT)
Year of publication 2010
300 ## - PHYSICAL DESCRIPTION
Number of Pages 516 p
650 ## - SUBJECT ADDED ENTRY--TOPICAL TERM
Topical Term Public health--Dictionaries. Medical care--Dictionaries.
942 ## - ADDED ENTRY ELEMENTS (KOHA)
Koha item type Books
Holdings
Withdrawn status Lost status Source of classification or shelving scheme Damaged status Not for loan Permanent Location Current Location Date acquired Accession Number Price effective from Koha item type
    Library of Congress Classification     NILE UNIVERSITY OF NIGERIA - MAIN LIBRARY NILE UNIVERSITY OF NIGERIA - MAIN LIBRARY 04/23/2025 0194595 04/23/2025 Books